000 00666nam a22001817a 4500
003 JO-AjAnu
005 20231205093804.0
008 231203b jo ||||| |||| 00| 0 ara d
040 _aJO-AjAnu
_bARA
_cJO-AjAnu
041 _aARA
050 _aDS154.4
_aA287
_a2010
100 1 _aابو الشعر، هند
_964620
_eمؤلف
245 _aتاريخ شرقي الاردن في العهد العثماني922هـ - 1337هـ / 1516م-1918 /
_cهند ابو الشعر
260 _aعمان :
_bوزارة الثقافة ،
_c2010
300 _a681صفحة
650 0 _aالاردن- تاريخ - الحكم العثماني،1914-1517
_964621
942 _2lcc
_cBK
_n0
999 _c33242
_d33242